00923 2200289 4500001002100000005001500021035002500036007000300061008004100064040001700105100005400122245010600176300002300282082001900305084002100324090002200345260006600367650003600433850001200469999002200481990002200503990002200525990002200547990002200569990002000591990002200611INLIS00000000002439120230308100935 a0010-111600000000645ta230308s2012 yoi g 000 0 ind d aYOPDYOGbind aKULON PROGO. Kabupaten Daerah Istimewa Yogyakarta10aHimpunan lembaran daerah Kabupaten Kulon Progo tahun 2011 /cBagian Hukum Setda Kabupaten Kulon Progo a... hlm. ;c21 cm.04223a349.598234 a349.598234 KUL h aCB-D.11 2012-170631aYogyakarta :bBagian Hukum Setda Kabupaten Kulon Progo,c2012 4aPeraturan Daerah--zKulon Progo aYOPDYOG aCB-D.11/2012-1706 aCB-D.11/2012-1706 aCB-D.11/2012-1707 aCB-D.11/2012-1707 aCB-D.11/2012-1706 a70678-PD/A.2023 aCB-D.11/2012-1706